| 000 | 00625nam a22002177a 4500 | ||
|---|---|---|---|
| 005 | 20170124110034.0 | ||
| 010 | _aA-759328 | ||
| 020 | _c00.00 | ||
| 035 | _aA-759328 | ||
| 037 | _bCen Lib/Ret | ||
| 040 |
_aDPL _bEN |
||
| 082 |
_a332.6 _bAVA |
||
| 100 |
_aAvadhani, V.A. _922256 |
||
| 245 |
_aInvestment for beginners / _cby V.A. Avadhani |
||
| 260 |
_aMumbai _bHimalaya Publishing House _c1995 |
||
| 270 |
_bMumbai _aDr. bhalerao margh, girgaon _e400004 |
||
| 300 |
_a246p. _c21cm(Hb) |
||
| 650 |
_aBanking _922257 |
||
| 650 |
_aInvestment _xBegnners _922258 |
||
| 942 |
_2ddc _cEN _h332.6 _mAVA |
||
| 999 |
_c128048 _d128048 |
||